Business Modeling and Software Design 5th International Symposium, BMSD 2015, Milan, Italy, July 6–8, 2015, Revised Selected Papers /

This book contains revised and extended versions of selected papers from the Fifth International Symposium on Business Modeling and Software Design, BMSD 2015, held in Milan, Italy, in July 2015. The symposium was organized and sponsored by the Interdisciplinary Institute for Collaboration and Resea...

Πλήρης περιγραφή

Λεπτομέρειες βιβλιογραφικής εγγραφής
Συγγραφή απο Οργανισμό/Αρχή: SpringerLink (Online service)
Άλλοι συγγραφείς: Shishkov, Boris (Επιμελητής έκδοσης)
Μορφή: Ηλεκτρονική πηγή Ηλ. βιβλίο
Γλώσσα:English
Έκδοση: Cham : Springer International Publishing : Imprint: Springer, 2016.
Σειρά:Lecture Notes in Business Information Processing, 257
Θέματα:
Διαθέσιμο Online:Full Text via HEAL-Link
LEADER 03760nam a22004815i 4500
001 978-3-319-40512-4
003 DE-He213
005 20160613110408.0
007 cr nn 008mamaa
008 160613s2016 gw | s |||| 0|eng d
020 |a 9783319405124  |9 978-3-319-40512-4 
024 7 |a 10.1007/978-3-319-40512-4  |2 doi 
040 |d GrThAP 
050 4 |a HD30.2 
072 7 |a KJQ  |2 bicssc 
072 7 |a COM005000  |2 bisacsh 
082 0 4 |a 658.4038  |2 23 
245 1 0 |a Business Modeling and Software Design  |h [electronic resource] :  |b 5th International Symposium, BMSD 2015, Milan, Italy, July 6–8, 2015, Revised Selected Papers /  |c edited by Boris Shishkov. 
264 1 |a Cham :  |b Springer International Publishing :  |b Imprint: Springer,  |c 2016. 
300 |a XIII, 191 p. 76 illus.  |b online resource. 
336 |a text  |b txt  |2 rdacontent 
337 |a computer  |b c  |2 rdamedia 
338 |a online resource  |b cr  |2 rdacarrier 
347 |a text file  |b PDF  |2 rda 
490 1 |a Lecture Notes in Business Information Processing,  |x 1865-1348 ;  |v 257 
520 |a This book contains revised and extended versions of selected papers from the Fifth International Symposium on Business Modeling and Software Design, BMSD 2015, held in Milan, Italy, in July 2015. The symposium was organized and sponsored by the Interdisciplinary Institute for Collaboration and Research on Enterprise Systems and Technology (IICREST), being co-organized by Politecnico di Milano and technically co-sponsored by BPM-D. Cooperating organizations were Aristotle University of Thessaloniki (AUTH), the U Twente Center for Telematics and Information Technology (CTIT), the BAS Institute of Mathematics and Informatics (IMI), the Dutch Research School for Information and Knowledge Systems (SIKS), and AMAKOTA Ltd. BMSD 2015 received 57 paper submissions from which 36 papers were selected for publication in the BMSD'15 proceedings. 14 of those papers were selected as full papers. Additional post-symposium reviewing was carried out reflecting both the qualities of the papers and the way they were presented. 10 best papers were selected for the Springer edition (mainly from the BMSD'15 full papers). The 10 papers published in this book were carefully revised and extended (following the reviewers' comments) from the papers presented. The selection considers a large number of BMSD-relevant research topics: from business-processes-related topics, such as process mining and discovery, (dynamic) business process management (and process-aware information systems), and business process models and ontologies (including reflections into the Business Model Canvas); through software-engineering-related topics, such as domain-specific languages and software quality (and technical debt); and semantics-related topics, such as semantic technologies and knowledge management (and knowledge identification); to topics touching upon cloud computing and IT-enabled capabilities for enterprises. 
650 0 |a Business. 
650 0 |a Management information systems. 
650 0 |a Software engineering. 
650 0 |a Application software. 
650 1 4 |a Business and Management. 
650 2 4 |a Business IT Infrastructure. 
650 2 4 |a Information Systems Applications (incl. Internet). 
650 2 4 |a Computer Appl. in Administrative Data Processing. 
650 2 4 |a Software Engineering. 
700 1 |a Shishkov, Boris.  |e editor. 
710 2 |a SpringerLink (Online service) 
773 0 |t Springer eBooks 
776 0 8 |i Printed edition:  |z 9783319405117 
830 0 |a Lecture Notes in Business Information Processing,  |x 1865-1348 ;  |v 257 
856 4 0 |u http://dx.doi.org/10.1007/978-3-319-40512-4  |z Full Text via HEAL-Link 
912 |a ZDB-2-BUM 
950 |a Business and Management (Springer-41169)